| 000 | 01385nac a22003977a 4500 | ||
|---|---|---|---|
| 001 | BR8100788 | ||
| 003 | BR-BrBNA | ||
| 005 | 20240105114913.0 | ||
| 008 | 230509b bl.|||m| |||| 00| 0 por d | ||
| 040 |
_aBR-BrBNA _bpor _cBiblioteca Nacional de Agricultura |
||
| 072 | _aF00 | ||
| 090 | _a1540 BR8100788 | ||
| 100 | 1 | _aMatos, P.L.P. de | |
| 100 | 1 | _aSouza, A. da S. | |
| 100 | 1 | _aGomes, J. de C. | |
| 100 | 1 | _aSouza, J. da S. | |
| 100 | 1 | _aCaldas, R.C. | |
| 100 | 1 | _aAlmeida, P.A. de | |
| 100 | 1 | _aMacedo, M.M.C. | |
| 100 | 1 | _aMendes, R.A. | |
| 100 | 1 | _aSantos, P.F. dos | |
| 100 | 1 | _aFerreira, J.R. | |
| 110 | 1 |
_aCentro Nacional de Pesquisa de Mandioca e Fruticultura, Cruz das Almas, BA (Brasil) _91783 |
|
| 245 | 1 | _aFileiras duplas comprovam superioridade tambem a nivel de produtor [Mandioca; Manihot esculenta; Brasil] | |
| 246 | 1 | _a[Double rows also prove to be superior at the farmer level [Cassava; Manihot esculenta; Brazil]] | |
| 260 | 3 |
_aCruz das Almas, BA (Brasil): _c1980. |
|
| 300 | _a9 p. | ||
| 490 |
_aComunicado Tecnico - Centro Nacional de Pesquisa de Mandioca e Fruticultura (Brazil) _vno. 10 _xISSN 0100-8854 |
||
| 500 | _a6 ref.; 8 tables | ||
| 650 | _aProducao vegetal | ||
| 650 | _aMandioca | ||
| 650 | _aPratica cultural | ||
| 650 | _aEspacamento | ||
| 909 |
_a202312 _bLúcia Elande _c55 _dLúcia Elande |
||
| 942 |
_2AGRIS _n0 _cMS |
||
| 999 |
_c271957 _d271957 |
||